000 00474nam a2200157 i 4500
001 35572
003 ES-MaACL
005 20230906155144.0
007 t|
008 030213s1927 sp ||||1| spa d
100 1 _aBosch Gimpera, Pedro.
_930657
245 1 0 _aHistoria de la antigüedad
_b: primera parte : Historia de Oriente /
_cPedro Bosch Gimpera.
260 _aBarcelona :
_bJuan Gili,
_c1927.
300 _aVIII, 712 p. :
_bil. ;
_c19 cm.
852 _aES-MaACL
_jB-13217
999 _c35572
_d35572